<?xml version="1.0" encoding="UTF-8"?>
<record
    xmlns:xsi="http://www.w3.org/2001/XMLSchema-instance"
    xsi:schemaLocation="http://www.loc.gov/MARC21/slim http://www.loc.gov/standards/marcxml/schema/MARC21slim.xsd"
    xmlns="http://www.loc.gov/MARC21/slim">

  <leader>02321cam a2200241 a 4500</leader>
  <controlfield tag="001">000025465</controlfield>
  <controlfield tag="005">20200930023816.0</controlfield>
  <controlfield tag="008">000425s2002    mx bd    b    101 0 spa  </controlfield>
  <datafield tag="020" ind1=" " ind2=" ">
    <subfield code="a">9686384391</subfield>
  </datafield>
  <datafield tag="082" ind1=" " ind2=" ">
    <subfield code="a">304.2/098</subfield>
    <subfield code="b">E82h</subfield>
  </datafield>
  <datafield tag="245" ind1="0" ind2="0">
    <subfield code="a">Estudios sobre historia y ambiente en Am&#xE9;rica /</subfield>
    <subfield code="c">compilaci&#xF3;n Bernardo Grac&#xED;a Mart&#xED;nez y Alba Gonz&#xE1;lez J&#xE1;come.</subfield>
  </datafield>
  <datafield tag="260" ind1=" " ind2=" ">
    <subfield code="a">M&#xE9;xico, D. F. :</subfield>
    <subfield code="b">Instituto Panamericano de Geograf&#xED;a e Historia :</subfield>
    <subfield code="b">El Colegio de M&#xE9;xico,</subfield>
    <subfield code="c">2002.</subfield>
  </datafield>
  <datafield tag="300" ind1=" " ind2=" ">
    <subfield code="a">t. ; :</subfield>
    <subfield code="b">maps., grafs. ;</subfield>
    <subfield code="c">23 cm.</subfield>
  </datafield>
  <datafield tag="504" ind1=" " ind2=" ">
    <subfield code="a">Incluye referencias bibliogr&#xE1;ficas.</subfield>
  </datafield>
  <datafield tag="500" ind1=" " ind2=" ">
    <subfield code="a">Incluye notas al pie de p&#xE1;ginas</subfield>
  </datafield>
  <datafield tag="500" ind1=" " ind2=" ">
    <subfield code="a">La bilioteca poseeel tomo 2</subfield>
  </datafield>
  <datafield tag="505" ind1=" " ind2=" ">
    <subfield code="t">Introducci&#xF3;n</subfield>
    <subfield code="t">El Gale&#xF3;n de Manila y el clima del pacifico durante el siglo xvii /</subfield>
    <subfield code="r">Ricardo Garc&#xED;a Herrera</subfield>
    <subfield code="t">Clima y variabilidad clim&#xE1;tica en costa rica a trav&#xE9;s de informaci&#xF3;n hist&#xF3;rica del siglo xix /</subfield>
    <subfield code="r">Jorge A. Amador</subfield>
    <subfield code="t">Clima y econom&#xED;a en el &#xE1;rea surandina: el ato Per&#xFA; y el espacio regional a fines del siglo xviii /</subfield>
    <subfield code="r">Mar&#xED;a del Rosario Prieto y Roberto G. Herrera</subfield>
    <subfield code="t">Entre sequias y aluviones: hacia una historia ambiental de la quebrada de humahuaca, Argentina /</subfield>
    <subfield code="r">Hortensia Castro</subfield>
    <subfield code="t">La pampa como ecosistema /</subfield>
    <subfield code="r">Juan Carlos Garavaglia</subfield>
    <subfield code="t">Hacia una historia ambiental de los bosques de pino de la norteam&#xE9;rica nororiental (1700-1900) /</subfield>
    <subfield code="r">Graeme Wynn</subfield>
    <subfield code="t">Movimientos pioneros y deterioro ambiental y paisaj&#xED;stico en el siglo xix venezolano /</subfield>
    <subfield code="r">Pedro Cunill Grau</subfield>
    <subfield code="t">El rub al-kahli prehisp&#xE1;nico de la Tlaxcala: una interpretaci&#xF3;n del paisaje /</subfield>
    <subfield code="r">Alfred H. Siemens</subfield>
    <subfield code="t">Paisajes del pasado: los c&#xE1;lales del suroeste de Tlaxcala /</subfield>
    <subfield code="r">Alba Gonz&#xE1;lez J&#xE1;come</subfield>
    <subfield code="t">Las epidemias liberales: agricultura ambiente y globalizaci&#xF3;n en Ecuador /</subfield>
    <subfield code="r">Stuart McCook</subfield>
    <subfield code="t">R&#xED;os desbordados y pastizales secos: un recorrido de contrastes por los caminos ganaderos del siglo xviii novohispano /</subfield>
    <subfield code="r">Bernardo Garc&#xED;a Mart&#xED;nez</subfield>
    <subfield code="t">Cultura esgotadora: agricultura y destrucci&#xF3;n ambiental en las &#xFA;ltimas d&#xE9;cadas de Brasil mon&#xE1;rquico /</subfield>
    <subfield code="r">Jos&#xE9; Augusto P&#xE1;dua</subfield>
    <subfield code="t">Espacio, tiempo, ambiente y escala /</subfield>
    <subfield code="r">Carlos Reboratti</subfield>
    <subfield code="t">&#xCD;ndice onom&#xE1;stico</subfield>
  </datafield>
  <datafield tag="650" ind1=" " ind2="0">
    <subfield code="a">Human ecology</subfield>
    <subfield code="z">Latin America</subfield>
    <subfield code="x">History.</subfield>
    <subfield code="9">15921</subfield>
  </datafield>
  <datafield tag="651" ind1=" " ind2="0">
    <subfield code="a">Latin America</subfield>
    <subfield code="x">History.</subfield>
    <subfield code="9">4136</subfield>
  </datafield>
  <datafield tag="700" ind1="1" ind2=" ">
    <subfield code="a">Garc&#xED;a Mart&#xED;nez, Bernardo.</subfield>
    <subfield code="e">comp.</subfield>
    <subfield code="9">15922</subfield>
  </datafield>
  <datafield tag="700" ind1="1" ind2=" ">
    <subfield code="a">Gonz&#xE1;lez J&#xE1;come, Alba.</subfield>
    <subfield code="e">comp.</subfield>
    <subfield code="9">15923</subfield>
  </datafield>
  <datafield tag="952" ind1=" " ind2=" ">
    <subfield code="0">0</subfield>
    <subfield code="1">0</subfield>
    <subfield code="5">0</subfield>
    <subfield code="7">1</subfield>
    <subfield code="8">MO</subfield>
    <subfield code="a">GR</subfield>
    <subfield code="b">GR</subfield>
    <subfield code="c">CT</subfield>
    <subfield code="d">2011-02-16</subfield>
    <subfield code="i">LF1</subfield>
    <subfield code="l">0</subfield>
    <subfield code="o">304.2/098 E82h</subfield>
    <subfield code="p">25465-10</subfield>
    <subfield code="r">2020-06-25</subfield>
    <subfield code="w">2020-06-25</subfield>
    <subfield code="y">1</subfield>
    <subfield code="Z">No se presta</subfield>
  </datafield>
  <datafield tag="999" ind1=" " ind2=" ">
    <subfield code="c">24957</subfield>
    <subfield code="d">24957</subfield>
  </datafield>
  <datafield tag="040" ind1=" " ind2=" ">
    <subfield code="a">DO-SdBNP</subfield>
  </datafield>
</record>
